Prosas polémicas 2. Temas educativos y Discursos (Record no. 7743)

MARC details
000 -LEADER
campo de control de longitud fija 00382nam a2200145Ia 4500
001 - NÚMERO DE CONTROL
campo de control 2482
008 - DATOS DE LONGITUD FIJA--INFORMACIÓN GENERAL
campo de control de longitud fija 241024s9999 xx 000 0 und d
020 ## - NÚMERO INTERNACIONAL ESTÁNDAR DEL LIBRO
Número Internacional Estándar del Libro 978-9945-020-342
082 ## - NÚMERO DE LA CLASIFICACIÓN DECIMAL DEWEY
Número de clasificación RD/864.42/M516p
100 ## - ENTRADA PRINCIPAL--NOMBRE DE PERSONA
Nombre de persona Félix Evaristo Mejía
245 #0 - MENCIÓN DEL TÍTULO
Título Prosas polémicas 2. Temas educativos y Discursos
260 ## - PUBLICACIÓN, DISTRIBUCIÓN, ETC.
Nombre del editor, distribuidor, etc. Búho
Fecha de publicación, distribución, etc. 2008
901 ## - ELEMENTOS DE DATOS A LOCAL LDA (RLIN)
a 19/9/2012 11:18:18 a.m.

No items available.

© 2024. Todos los Derechos Reservados. Desarrollado por IDEICE